000 00595nam 22001693 4500
001 200691
090 _a200691
100 _a20260223d u||y0pory50 ba
200 _aLições das sombras
_eimagens e histórias das sombras projectadas na experiência e conhecimento do mundo
_fSusana Oliveira
210 _aLisboa
_cFundação Calouste Gulbenkian
_d2012
215 _a413 p.
_cbrochado
_d23 cm
606 _98634
_aEstética. Filosofia da Arte. Critica da Arte
675 _a7.01
_vPT
_zpor
700 _916451
_aOliveira
_bSusana
_f1967-
801 _aPT
_bBMMN
_gRPC
830 _cFernando
_fFernando
990 _cLIVROS